| 000 | 00826nam a2200241 i 4500 | ||
|---|---|---|---|
| 001 | 145518 | ||
| 003 | ES-MaACL | ||
| 005 | 20240215154731.0 | ||
| 007 | t| | ||
| 008 | 071015s1980 sp ||||1| spa d | ||
| 130 | 0 |
_aDiccionario Everest Vértice portugués-español, español-portugués. _9120801 |
|
| 245 | 1 | 0 |
_aVértice _b: diccionario portugués-español, español-portugués. |
| 250 | _a2ª ed. | ||
| 260 |
_aMadrid : _bEverest, _c1980. |
||
| 300 |
_a524 p. ; _c13 cm. |
||
| 490 | 1 | _aDiccionarios Everest | |
| 650 | 1 | 4 |
_aLengua española- _vDiccionarios- _xPortugués. _914146 |
| 650 | 4 |
_aLengua portuguesa- _vDiccionarios- _xEspañol. _914314 |
|
| 830 | 0 |
_aDiccionarios Everest _9220775 |
|
| 852 |
_aES-MaACL _jG-3798 _bR.101254 _9150767 _cDEPO2 |
||
| 942 |
_2udc _cMONOGRAFIA |
||
| 999 |
_c145518 _d145518 |
||